|
|
|
|
| LEADER |
01909cam a2200301 a 4500 |
| 001 |
00525324 |
| 003 |
GR-PaULI |
| 005 |
20231211101512.0 |
| 008 |
100510s2010 gr a g 001 0 gre|c |
| 020 |
|
|
|a 9789606802263
|
| 040 |
|
|
|a GR-PaULI
|b gre
|c GR-PaULI
|e AACR2
|
| 041 |
1 |
|
|a gre
|h eng
|
| 082 |
0 |
4 |
|a 617.483
|2 23
|
| 100 |
1 |
|
|a Russell, Stephen M.
|9 201244
|e συγγραφέας.
|
| 245 |
1 |
0 |
|a Κλινική εκτίμηση της βλάβης των περιφερικών νεύρων :
|b ανατομική προσέγγιση /
|c Stephen M. Russell ; επιμέλεια μετάφρασης Αναστάσιος Β. Κορομπίλιας ; μετάφραση Ιωάννης Κώστας- Αγνάντης, Δανάη-Ελευθερία Κυριάκου.
|
| 260 |
|
|
|a Αθήνα :
|b Κωνσταντάρας,
|c c2010.
|
| 300 |
|
|
|a xvi, 176 σ. :
|b εικ. ;
|c 23 εκ.
|
| 500 |
|
|
|a Τίτλος πρωτοτύπου: Examination of peripheral nerve injuries.
|
| 500 |
|
|
|a Περιλαμβάνει ευρετήριο.
|
| 650 |
|
4 |
|a Νευρικό σύστημα
|x Ασθένειες.
|2
|9 28865
|
| 700 |
1 |
|
|a Αγνάντης, Ιωάννης Κώστας
|e μεταφραστής.
|9 201241
|
| 700 |
1 |
|
|a Κορομπίλιας Αναστάσιος Β.
|e επιμελητής.
|9 192497
|
| 700 |
1 |
|
|a Κυριάκου, Δανάη Ελευθερία
|e μεταφράστρια.
|9 201243
|
| 765 |
|
|
|i Μετάφραση του:
|t Examination of peripheral nerve injuries : an anatomical approach.
|
| 942 |
|
|
|2 ddc
|c BK
|
| 952 |
|
|
|0 0
|1 0
|2 ddc
|4 0
|6 617_483000000000000_RUS
|7 0
|9 252638
|a LISP
|b LISP
|c BSC
|d 2021-01-17
|e
|f
|i 60672
|l 0
|o 617.483 RUS
|p 025000304933
|r 2021-01-17 00:00:00
|t 1
|w 0000-00-00
|y BK15
|x
|x
|
| 952 |
|
|
|0 0
|1 0
|2 ddc
|4 0
|6 617_483000000000000_RUS
|7 0
|9 252639
|a LISP
|b LISP
|c BSC
|d 2021-01-17
|e
|f
|i 60673
|l 0
|o 617.483 RUS
|p 025000304934
|r 2021-01-17 00:00:00
|t 2
|w 0000-00-00
|y BK15
|x
|x
|
| 999 |
|
|
|c 149427
|d 149427
|